Newcastle United Squad 18-19 - Statistics

General Stats
  • This quiz has been taken 69 times
  • The average score is 18 of 26
Answer Stats
Squad No. Position Player % Correct
12 GK Martin Dúbravka
98%
6 CB Jamal Lascelles
88%
8 CM Jonjo Shelvey
87%
26 GK Karl Darlow
85%
17 SS Ayoze Pérez
83%
11 RW/LW/LWB Matt Ritchie
83%
5 CB/CM Fabian Schär
75%
19 RB/LB Javier Manquillo
75%
24 AM/LW Miguel Almirón
75%
3 LB/CB Paul Dummett
75%
9 ST Salomón Rondón
75%
2 CB/LB Ciaran Clark
73%
22 RB DeAndre Yedlin
73%
1 GK Rob Elliot
73%
14 CM/DM Isaac Hayden
72%
36 CM/AM Sean Longstaff
72%
18 CB Federico Fernández
68%
30 RW/LW Christian Atsu
65%
41 GK Freddie Woodman
65%
20 CB Florian Lejeune
62%
10 CM Mohamed Diamé
55%
13 ST/SS Yoshinori Mutō
52%
21 ST Joselu
45%
15 LW/AM/LWB Kennedy
43%
4 CM Ki Sung-yueng
38%
23 LB Antonio Barreca
22%
No matching quizzes found
Score Distribution
Percent of People with Each Score
Percentile by Number Answered
Your Score History
You have not taken this quiz